[Event "XI Festival B"]
[Site "Verona ITA"]
[Date "2005.01.04"]
[Round "4"]
[White "Corti, Corrado"]
[Black "Varini, Massimo"]
[Result "1-0"]
[WhiteElo "2012"]
[BlackElo "2070"]
[PlyCount "115"]
[EventDate "2005.01.02"]

1. d4 Nf6 2. g3 g6 3. Bg2 Bg7 4. e4 d6 5. Ne2 O-O 6. O-O Nbd7 7. c4 e5 8. d5
Nc5 9. Qc2 a5 10. b3 Bd7 11. Nbc3 Nh5 12. Bb2 f5 13. f3 Bh6 14. Bc1 Bxc1 15.
Raxc1 Qg5 16. Nd1 fxe4 17. h4 Qh6 18. fxe4 Rxf1+ 19. Kxf1 Rf8+ 20. Kg1 Bg4 21.
Ndc3 Qe3+ 22. Kh2 Rf2 23. Nd1 Rxg2+ 24. Kxg2 Qxe2+ 25. Qxe2 Bxe2 26. Nf2 Bd3
27. Kf3 Bxe4+ 28. Nxe4 Nxe4 29. Kxe4 Nxg3+ 30. Kf3 Nf5 31. Kg4 h5+ 32. Kh3 e4
33. c5 Kf7 34. cxd6 cxd6 35. Rc7+ Kf6 36. Rxb7 e3 37. Kg2 Nxh4+ 38. Kf1 Nf5 39.
Ke2 h4 40. b4 axb4 41. Rxb4 Ke5 42. a4 Kxd5 43. a5 Nd4+ 44. Rxd4+ Kxd4 45. a6
Kc5 46. a7 d5 47. a8=Q d4 48. Qc8+ Kd5 49. Qg4 Kc4 50. Qxh4 Kc3 51. Qe4 g5 52.
Qd3+ Kb2 53. Qxd4+ Kc2 54. Kxe3 g4 55. Qxg4 Kc1 56. Kd3 Kb1 57. Kc3 Ka2 58. Qg1
1-0

[Event "XI Festival B"]
[Site "Verona ITA"]
[Date "2005.01.05"]
[Round "5"]
[White "Di Donato, Giovanni"]
[Black "Corti, Corrado"]
[Result "0-1"]
[WhiteElo "2125"]
[BlackElo "2012"]
[PlyCount "57"]
[EventDate "2005.01.02"]

1. e4 c6 2. d4 d5 3. e5 Bf5 4. Be2 e6 5. Nf3 Nd7 6. O-O Be7 7. a3 h5 8. Ne1 h4
9. f4 Qb6 10. b4 a5 11. bxa5 Rxa5 12. Nf3 c5 13. Bd2 Ra8 14. c3 Qb2 15. Bc1
Qxa1 16. Bd3 Bxd3 17. Qxd3 Qa2 18. Nfd2 c4 19. Qf3 Qc2 20. Qe3 Nh6 21. Qh3 Qd3
22. g3 Qf5 23. Qg2 hxg3 24. Rf3 gxh2+ 25. Kh1 Qg4 26. Qxh2 Qh4 27. Rh3 Qe1+ 28.
Kg2 Qe2+ 29. Kg3 0-1

[Event "XI Festival B"]
[Site "Verona ITA"]
[Date "2005.01.05"]
[Round "6"]
[White "Corti, Corrado"]
[Black "Dvirnyy, Danyyil"]
[Result "1-0"]
[WhiteElo "2012"]
[BlackElo "2098"]
[PlyCount "89"]
[EventDate "2005.01.02"]

1. e4 c5 2. Nf3 d6 3. Nc3 Nf6 4. Be2 g6 5. O-O Bg7 6. d3 Nc6 7. Bg5 h6 8. Bd2
Be6 9. Qc1 a6 10. a4 Rc8 11. Re1 Qc7 12. Bd1 b6 13. Ne2 Bd7 14. Ng3 b5 15. axb5
axb5 16. c3 e5 17. Bc2 Qb6 18. Be3 Qb7 19. h3 Be6 20. Qd2 Nd7 21. Nh2 Nd4 22.
cxd4 cxd4 23. Bxd4 exd4 24. Nf5 gxf5 25. exf5 Ke7 26. fxe6 fxe6 27. Bd1 Rhf8
28. Bf3 Qb6 29. Re2 Ne5 30. Rae1 b4 31. Re4 b3 32. Bd1 Rf6 33. f4 Nd7 34. Ng4
Nc5 35. Nxf6 Bxf6 36. Bg4 Nxe4 37. Rxe4 Rc2 38. Rxe6+ Kf7 39. Qe1 Qc7 40. Bh5+
Kg7 41. Qg3+ Bg5 42. fxg5 Rc1+ 43. Kh2 d5 44. gxh6+ Kh8 45. Re8+ 1-0

[Event "XI Festival B"]
[Site "Verona ITA"]
[Date "2005.01.06"]
[Round "7"]
[White "Muha, Zdravko"]
[Black "Corti, Corrado"]
[Result "1/2-1/2"]
[WhiteElo "2109"]
[BlackElo "2012"]
[PlyCount "79"]
[EventDate "2005.01.02"]

1. d4 d5 2. Bg5 g6 3. Nf3 Bg7 4. c3 Nf6 5. Nbd2 Nbd7 6. b4 c6 7. e3 a6 8. Be2
O-O 9. O-O Nb6 10. h3 Bd7 11. Bh4 Nc8 12. Ne5 Be8 13. Qc2 Nd6 14. Bd3 Rc8 15.
a4 Nd7 16. f4 f6 17. Nef3 Bf7 18. Qb1 Qb6 19. Re1 Rfe8 20. a5 Qa7 21. Kh1 e5
22. Nh2 exf4 23. exf4 Rxe1+ 24. Qxe1 Re8 25. Qb1 Qa8 26. Qc2 Qd8 27. Ng4 Qc8
28. Rf1 f5 29. Ne5 Nf6 30. Bxf6 Bxf6 31. Ndf3 Be6 32. Kh2 Qc7 33. Qc1 Qg7 34.
Qe3 Re7 35. Bc2 Kh8 36. Bd3 Re8 37. Qe2 Re7 38. Qe3 Re8 39. Qe2 Re7 40. Qe3
1/2-1/2

[Event "VIII Open"]
[Site "Padova ITA"]
[Date "2005.12.10"]
[Round "1"]
[White "Antoniacci, Riccardo"]
[Black "Dervishi, Erald"]
[Result "0-1"]
[WhiteElo "1972"]
[BlackElo "2489"]
[PlyCount "46"]
[EventDate "2005.12.10"]

1. e4 e5 2. f4 exf4 3. Nc3 Nc6 4. Nf3 g5 5. Bc4 Bg7 6. d4 d6 7. h4 h6 8. d5 Ne5
9. Bb5+ Kf8 10. g3 Bg4 11. Be2 Bxf3 12. Bxf3 fxg3 13. hxg5 hxg5 14. Be3 g4 15.
Bg2 Rxh1+ 16. Bxh1 Qh4 17. Bg2 Bh6 18. Qe2 Qh2 19. Bxh6+ Qxh6 20. Nb5 Nf6 21.
Nd4 Re8 22. Nf5 Qf4 23. Qf1 Nf3+ 0-1

[Event "VIII Open"]
[Site "Padova ITA"]
[Date "2005.12.10"]
[Round "1"]
[White "Cipolotti, Piersilvio"]
[Black "D'Innocente, Stefano"]
[Result "1/2-1/2"]
[WhiteElo "1703"]
[BlackElo "2262"]
[PlyCount "87"]
[EventDate "2005.12.10"]

1. Nf3 d5 2. g3 g6 3. Bg2 Bg7 4. O-O e5 5. d3 Ne7 6. Nbd2 Nbc6 7. e4 O-O 8. c3
a5 9. h3 h6 10. Nh2 Be6 11. f4 Qd7 12. h4 Rad8 13. h5 Kh7 14. Qe2 f5 15. hxg6+
Nxg6 16. exf5 Rxf5 17. fxe5 Ncxe5 18. d4 Ng4 19. Nxg4 Rxf1+ 20. Nxf1 Bxg4 21.
Qc2 Bf5 22. Qd1 Re8 23. Ne3 Be4 24. Qg4 Qxg4 25. Nxg4 Bxg2 26. Kxg2 c6 27. Ne3
h5 28. Bd2 Bh6 29. Re1 Re4 30. Nf1 Rxe1 31. Bxe1 Bc1 32. b3 Kg7 33. Bd2 Bb2 34.
Ne3 Kf6 35. g4 hxg4 36. Nxg4+ Kf5 37. Kf3 b6 38. Nh6+ Ke6 39. Kg4 Ne7 40. Kg5
c5 41. dxc5 bxc5 42. Ng4 Nc6 43. Kf4 Kd6 44. Ne3 1/2-1/2

[Event "VIII Open"]
[Site "Padova ITA"]
[Date "2005.12.10"]
[Round "1"]
[White "Contini, Davide"]
[Black "Facchin, Francesco"]
[Result "1-0"]
[WhiteElo "2056"]
[BlackElo "1506"]
[PlyCount "65"]
[EventDate "2005.12.10"]

1. d4 Nf6 2. Nf3 d5 3. e3 c6 4. c4 e6 5. Nc3 Bd6 6. Bd3 dxc4 7. Bxc4 O-O 8. O-O
Nbd7 9. e4 Be7 10. Qc2 Nb6 11. Bd3 Ne8 12. Bf4 g6 13. Rad1 Ng7 14. Qc1 f5 15.
Rfe1 Nh5 16. Bh6 Rf7 17. Ne5 Rf6 18. Bg5 Rf8 19. Bxe7 Qxe7 20. exf5 gxf5 21.
Qh6 Ng7 22. Re3 Qf6 23. Qh3 Bd7 24. f4 Be8 25. g4 Rd8 26. Bc2 Bg6 27. g5 Qe7
28. Qh6 Qe8 29. Bb3 Nd5 30. Nxd5 cxd5 31. Rc1 Nh5 32. Rc7 Nxf4 33. Qg7# 1-0

[Event "VIII Open"]
[Site "Padova ITA"]
[Date "2005.12.10"]
[Round "1"]
[White "Del Monaco, Andrea"]
[Black "Morganti, Lionello"]
[Result "1-0"]
[WhiteElo "2234"]
[BlackElo "1691"]
[PlyCount "41"]
[EventDate "2005.12.10"]

1. d4 Nf6 2. Nf3 g6 3. c4 Bg7 4. Nc3 d6 5. e4 O-O 6. Be2 Nc6 7. d5 Nb8 8. h3 e6
9. dxe6 fxe6 10. e5 dxe5 11. Qxd8 Rxd8 12. Nxe5 c6 13. Bg5 Re8 14. O-O-O Nbd7
15. Nxd7 Nxd7 16. Ne4 Nb6 17. b3 e5 18. Bg4 Bxg4 19. hxg4 Rab8 20. Rd3 a5 21.
Rdh3 1-0

[Event "VIII Open"]
[Site "Padova ITA"]
[Date "2005.12.10"]
[Round "1"]
[White "Diotallevi, Maurizio"]
[Black "Pichierri, Gianmatteo"]
[Result "1-0"]
[WhiteElo "2113"]
[BlackElo "1539"]
[PlyCount "91"]
[EventDate "2005.12.10"]

1. e4 e5 2. Nf3 Nc6 3. d4 exd4 4. Nxd4 Bc5 5. Be3 Bxd4 6. Bxd4 Nxd4 7. Qxd4 Qf6
8. c3 Qxd4 9. cxd4 Ne7 10. Nc3 a6 11. Be2 O-O 12. O-O d6 13. Rac1 Bd7 14. f4
Rac8 15. Rfd1 b5 16. Bf3 b4 17. Ne2 Bb5 18. d5 Bxe2 19. Bxe2 a5 20. Ba6 Ra8 21.
Bb7 Ra7 22. Rxc7 Rb8 23. Rxe7 Raxb7 24. Rxb7 Rxb7 25. Rc1 Kf8 26. Kf2 Ke7 27.
Ke3 Kd7 28. Kd4 f6 29. g4 Rb8 30. h4 h6 31. Rc6 Rb5 32. h5 a4 33. Kc4 Rb7 34.
Ra6 b3 35. Rxa4 bxa2 36. Rxa2 Ke7 37. b4 Kd7 38. b5 Kc7 39. Kb4 Kb6 40. Ra6+
Kc7 41. Rc6+ Kd7 42. b6 Rb8 43. Kb5 Ke7 44. Rc7+ Kf8 45. b7 Ke8 46. Rc8+ 1-0

[Event "VIII Open"]
[Site "Padova ITA"]
[Date "2005.12.10"]
[Round "1"]
[White "Dragojlovic, Andjelko"]
[Black "Canazza, Alessandro"]
[Result "1-0"]
[WhiteElo "2309"]
[BlackElo "1727"]
[PlyCount "55"]
[EventDate "2005.12.10"]

1. e4 c6 2. d4 d5 3. Nd2 dxe4 4. Nxe4 Bf5 5. Ng3 Bg6 6. Nh3 e6 7. Nf4 Nd7 8. h4
Qc7 9. h5 Bf5 10. Nxf5 exf5 11. Bc4 Bd6 12. Qf3 Nb6 13. Bd3 Ne7 14. c4 Bb4+ 15.
Kf1 c5 16. a3 Ba5 17. dxc5 Qe5 18. Qe3 Nd7 19. Qxe5 Nxe5 20. Be2 O-O-O 21. b4
Bc7 22. g3 h6 23. Kg2 g5 24. hxg6 fxg6 25. Ne6 Rd7 26. Nxc7 Kxc7 27. Bxh6 Ng4
28. Bf4+ 1-0

[Event "VIII Open"]
[Site "Padova ITA"]
[Date "2005.12.10"]
[Round "1"]
[White "Drazic, Sinisa"]
[Black "Bondielli, Giorgio"]
[Result "1-0"]
[WhiteElo "2523"]
[BlackElo "2005"]
[PlyCount "89"]
[EventDate "2005.12.10"]

1. e4 e5 2. Bc4 Nf6 3. d3 d5 4. exd5 Nxd5 5. Nf3 Nc6 6. O-O Be6 7. Re1 Qd6 8.
Bb5 f6 9. d4 O-O-O 10. c3 Nb6 11. Nbd2 Bg4 12. Bxc6 Qxc6 13. dxe5 Nc4 14. Qc2
Nxd2 15. Nxd2 fxe5 16. h3 Bd7 17. Nf3 Bxh3 18. Bg5 Re8 19. b4 e4 20. Nd4 Qg6
21. f4 Bd6 22. Qf2 h6 23. Bh4 Rhf8 24. f5 Bxf5 25. Nb5 Bh3 26. Nxd6+ cxd6 27.
Qg3 Bf5 28. Qe3 Kb8 29. Bf2 b6 30. Rad1 Bg4 31. Rxd6 Rf6 32. Rxf6 gxf6 33. a4
Bf3 34. Qf4+ Ka8 35. Bg3 Rg8 36. Kf2 Bh5 37. Rxe4 Qg4 38. Qe3 Qd7 39. Re7 Qf5+
40. Kg1 Rd8 41. a5 Qd3 42. Qe6 Qd5 43. Rxa7+ Kxa7 44. Qxb6+ Ka8 45. Qa6# 1-0

[Event "VIII Open"]
[Site "Padova ITA"]
[Date "2005.12.10"]
[Round "1"]
[White "Isonzo, David"]
[Black "Negra, Massimiliano"]
[Result "1-0"]
[WhiteElo "2337"]
[BlackElo "1894"]
[PlyCount "49"]
[EventDate "2005.12.10"]

1. e4 c5 2. Nf3 Nc6 3. d4 cxd4 4. Nxd4 d6 5. Nc3 Nf6 6. Bg5 e6 7. Qd2 a6 8.
O-O-O Be7 9. f3 O-O 10. Kb1 h6 11. Be3 Bd7 12. g4 Nh7 13. h4 b5 14. Nxc6 Bxc6
15. g5 h5 16. Ne2 a5 17. Nd4 Qe8 18. g6 Nf6 19. gxf7+ Kxf7 20. Bh3 Bd7 21. Rhg1
g6 22. Qd3 a4 23. e5 Kg7 24. exf6+ Bxf6 25. Bxe6 1-0

[Event "VIII Open"]
[Site "Padova ITA"]
[Date "2005.12.10"]
[Round "1"]
[White "Laketic, Gojko"]
[Black "Sautto, Alessandra"]
[Result "1-0"]
[WhiteElo "2479"]
[BlackElo "1939"]
[PlyCount "89"]
[EventDate "2005.12.10"]

1. d4 d5 2. Nf3 Nf6 3. c4 e6 4. Bg5 Be7 5. Nc3 Nbd7 6. e3 O-O 7. Qc2 a6 8. cxd5
exd5 9. Bd3 c6 10. O-O h6 11. Bf4 Nb6 12. h3 Be6 13. Ne5 Rc8 14. Rad1 Nbd7 15.
Qe2 Nxe5 16. Bxe5 Nd7 17. Bg3 f5 18. Qc2 Qe8 19. Ne2 Qf7 20. Nf4 c5 21. dxc5
Nxc5 22. Nxe6 Qxe6 23. Qe2 Nxd3 24. Qxd3 Rfd8 25. a4 Bf6 26. Qb3 Qf7 27. Qb6
Rc6 28. Qa5 g6 29. Rd2 Rd7 30. Rfd1 Bd8 31. Qb4 Rb6 32. Qc3 Rc6 33. Qb4 Rb6 34.
Qc5 Rc6 35. Qa3 Bf6 36. Qb3 Rc5 37. Bb8 b5 38. Bg3 Qe6 39. Qa3 Rc4 40. axb5
axb5 41. Qa8+ Rd8 42. Qb7 Rc5 43. b4 Rd7 44. Qxd7 Qxd7 45. bxc5 1-0

[Event "VIII Open"]
[Site "Padova ITA"]
[Date "2005.12.10"]
[Round "1"]
[White "Maniero, Andrea"]
[Black "Rossi, Carlo"]
[Result "0-1"]
[WhiteElo "1901"]
[BlackElo "2357"]
[PlyCount "48"]
[EventDate "2005.12.10"]

1. e4 Nf6 2. Nc3 Nc6 3. g3 e5 4. Bg2 h5 5. Nf3 Bc5 6. h3 h4 7. Nxh4 g5 8. Nf5
d5 9. Nxd5 Nxe4 10. Bxe4 Bxf5 11. Nxc7+ Qxc7 12. Bxf5 Nd4 13. g4 Qc6 14. Rf1
Nf3+ 15. Ke2 Nd4+ 16. Ke1 Rxh3 17. d3 Qg2 18. Be4 Nf3+ 19. Ke2 Qxg4 20. Be3
Bxe3 21. fxe3 Rh2+ 22. Rf2 Nd2+ 23. Ke1 Qg1+ 24. Kxd2 Qxf2+ 0-1

[Event "VIII Open"]
[Site "Padova ITA"]
[Date "2005.12.10"]
[Round "1"]
[White "Milanesi, Erminio"]
[Black "Gallo, Enrico"]
[Result "0-1"]
[WhiteElo "1616"]
[BlackElo "2113"]
[PlyCount "43"]
[EventDate "2005.12.10"]

1. e4 c5 2. d3 e6 3. g3 d5 4. Nd2 Nc6 5. Nh3 Nf6 6. f3 Bd6 7. Nf2 e5 8. Bg2 d4
9. O-O b5 10. c4 dxc3 11. bxc3 Be6 12. Nb3 Qc7 13. Bg5 Nd7 14. Nh3 c4 15. dxc4
bxc4 16. Nc1 Bc5+ 17. Kh1 f6 18. Bd2 Nb6 19. f4 Rd8 20. Qc2 Qd7 21. Be1 Bxh3
22. Bxh3 0-1

[Event "VIII Open"]
[Site "Padova ITA"]
[Date "2005.12.10"]
[Round "1"]
[White "Naumkin, Igor"]
[Black "Belloni, Umberto"]
[Result "1-0"]
[WhiteElo "2445"]
[BlackElo "1910"]
[PlyCount "89"]
[EventDate "2005.12.10"]

1. d4 d5 2. c4 c6 3. Nf3 Nf6 4. Nc3 e6 5. Bg5 Nbd7 6. e3 h6 7. Bh4 Qa5 8. Bd3
Bd6 9. c5 Be7 10. a3 Qd8 11. b4 Nh5 12. Bxe7 Qxe7 13. e4 Nhf6 14. e5 Nh7 15. h4
Ndf8 16. b5 Qc7 17. Rb1 Nd7 18. Qc2 Nhf8 19. h5 Rb8 20. O-O Rg8 21. Qd2 Rh8 22.
Rb3 Nh7 23. Ne2 Nhf8 24. a4 Ra8 25. Nh2 Qd8 26. f4 g6 27. Bc2 Qe7 28. a5 Nb8
29. Ng4 Nbd7 30. hxg6 fxg6 31. a6 h5 32. Ne3 Rg8 33. Rc3 Nb8 34. Ba4 Qc7 35.
Rb3 bxa6 36. bxc6 Nxc6 37. f5 Bd7 38. Nf4 Rc8 39. fxe6 Nxe6 40. Nexd5 Qa5 41.
Nf6+ Ke7 42. Nxg8+ Rxg8 43. Nd5+ Kd8 44. Qxa5+ Nxa5 45. Rb8+ 1-0

[Event "VIII Open"]
[Site "Padova ITA"]
[Date "2005.12.10"]
[Round "1"]
[White "Opacic, Alexandar"]
[Black "Quaranta, Gaetano"]
[Result "1-0"]
[WhiteElo "2122"]
[BlackElo "1625"]
[PlyCount "66"]
[EventDate "2005.12.10"]

1. e4 e5 2. Nf3 Nc6 3. Bc4 Nf6 4. d3 d5 5. exd5 Nxd5 6. h3 Bc5 7. a3 Nf6 8. O-O
O-O 9. b4 Bd6 10. Bb2 a6 11. Re1 b5 12. Bb3 Re8 13. Ng5 Rf8 14. Nd2 Bf5 15.
Ndf3 h6 16. Ne4 Bxe4 17. dxe4 Re8 18. Qe2 Qe7 19. c4 bxc4 20. Qxc4 Nb8 21. Nh4
Nbd7 22. Ng6 Qe6 23. Qc2 Nd5 24. Bxd5 Qxg6 25. Bxa8 Rxa8 26. Qc6 Nb6 27. Rad1
Rd8 28. Bxe5 Nc8 29. Bxd6 Nxd6 30. e5 Qe6 31. exd6 Qf6 32. Re8+ Kh7 33. Rxd8
Qxd8 1-0

[Event "VIII Open"]
[Site "Padova ITA"]
[Date "2005.12.10"]
[Round "1"]
[White "Palumbo, Giuseppe"]
[Black "Mosconi, Ariel Oscar"]
[Result "0-1"]
[WhiteElo "1631"]
[BlackElo "2164"]
[PlyCount "44"]
[EventDate "2005.12.10"]

1. e4 c5 2. Nf3 a6 3. d4 cxd4 4. Nxd4 d6 5. Bc4 e6 6. O-O Nf6 7. Nc3 Be7 8. a3
O-O 9. Ba2 b5 10. f4 Bb7 11. Nxe6 fxe6 12. Bxe6+ Kh8 13. Rf3 Nbd7 14. Rh3 Nc5
15. Bf5 Bxe4 16. Nxe4 Ncxe4 17. Be3 d5 18. Bd4 Bc5 19. Bxc5 Nxc5 20. g4 Nce4
21. Kg2 Qb6 22. Qe2 Rae8 0-1

[Event "VIII Open"]
[Site "Padova ITA"]
[Date "2005.12.10"]
[Round "1"]
[White "Roberti, Ignazio"]
[Black "Lazic, Miroljub"]
[Result "0-1"]
[WhiteElo "1937"]
[BlackElo "2472"]
[PlyCount "80"]
[EventDate "2005.12.10"]

1. e4 d6 2. Nf3 Nf6 3. Nc3 c6 4. d4 Bg4 5. h3 Bh5 6. Be2 e6 7. Be3 d5 8. exd5
Bxf3 9. Bxf3 cxd5 10. Qd3 Nc6 11. O-O Bd6 12. Nb5 Be7 13. a4 O-O 14. c3 Na5 15.
Na3 Rc8 16. Bg5 Ne8 17. Bxe7 Qxe7 18. Rfe1 Qd7 19. Qb5 Qc7 20. Qc5 Qxc5 21.
dxc5 Nb3 22. Rad1 Nxc5 23. Rd4 Nf6 24. Nc2 b6 25. g3 Rfe8 26. Re5 Nfe4 27. Bxe4
Nxe4 28. Kg2 f6 29. Rh5 f5 30. g4 Nf6 31. Rg5 h6 32. Rg6 fxg4 33. h4 Kh7 34. h5
e5 35. Rd2 Nxh5 36. Rxg4 Nf6 37. Rb4 Rc5 38. Ne3 Rd8 39. Nc4 a5 40. Nxa5 bxa5
0-1

[Event "VIII Open"]
[Site "Padova ITA"]
[Date "2005.12.10"]
[Round "1"]
[White "Rosina, Graziano"]
[Black "Cardili, Mariano"]
[Result "1/2-1/2"]
[WhiteElo "1509"]
[BlackElo "2066"]
[PlyCount "79"]
[EventDate "2005.12.10"]

1. e4 c6 2. c4 d5 3. cxd5 cxd5 4. exd5 Nf6 5. Bb5+ Nbd7 6. Nc3 a6 7. Ba4 b5 8.
Bb3 Nc5 9. d4 Nxb3 10. Qxb3 Bb7 11. Nf3 Nxd5 12. O-O e6 13. Bg5 Be7 14. Bxe7
Nxe7 15. Ne2 O-O 16. Rfd1 Qb6 17. Rd2 Rfd8 18. Rad1 Bd5 19. Qa3 Qb7 20. Ne1 Ng6
21. b4 Qe7 22. Qb2 Qg5 23. Qc3 Rd6 24. Qg3 Qxg3 25. hxg3 Bc4 26. Nc3 f5 27. f4
a5 28. bxa5 Rxa5 29. Rb1 e5 30. fxe5 Nxe5 31. Nf3 Ng4 32. Rdb2 h6 33. Nxb5 Bxb5
34. Rxb5 Rxa2 35. Rxf5 Rxg2+ 36. Kxg2 Ne3+ 37. Kf2 Nxf5 38. Rd1 Kf7 39. g4 Ne7
40. Kg3 1/2-1/2

[Event "VIII Open"]
[Site "Padova ITA"]
[Date "2005.12.10"]
[Round "1"]
[White "Russo, Carmelo"]
[Black "De Santis, Alessio"]
[Result "0-1"]
[WhiteElo "1728"]
[BlackElo "2331"]
[PlyCount "62"]
[EventDate "2005.12.10"]

1. d4 d6 2. Nf3 f5 3. g3 Nf6 4. Bg2 g6 5. O-O Bg7 6. c4 O-O 7. Nc3 Qe8 8. Qb3
Kh8 9. d5 a5 10. Ng5 Na6 11. Be3 Ng4 12. Ne6 Bxe6 13. dxe6 Nxe3 14. fxe3 Nc5
15. Qc2 c6 16. e4 Nxe6 17. e3 fxe4 18. Rxf8+ Nxf8 19. Qxe4 a4 20. Rb1 Nd7 21.
a3 Nc5 22. Qc2 Bh6 23. Qe2 Qg8 24. Rf1 Qe6 25. e4 Nd7 26. Kh1 Ne5 27. Qd1 Qxc4
28. Rf2 b5 29. Rc2 Qb3 30. Qb1 Rf8 31. Ne2 Qd3 0-1

[Event "VIII Open"]
[Site "Padova ITA"]
[Date "2005.12.10"]
[Round "1"]
[White "Tamburrini, Pierluigi"]
[Black "Navarro, Stefano"]
[Result "0-1"]
[WhiteElo "1643"]
[BlackElo "2224"]
[PlyCount "72"]
[EventDate "2005.12.10"]

1. e4 e5 2. Nf3 Nc6 3. Bb5 f5 4. Nc3 fxe4 5. Nxe4 d5 6. Nxe5 dxe4 7. Nxc6 Qg5
8. Qe2 Nf6 9. Ne5+ c6 10. Nxc6 a6 11. Nd4+ axb5 12. Qxb5+ Qxb5 13. Nxb5 Kf7 14.
O-O Bd7 15. Nc3 Bc5 16. b3 Rad8 17. a4 Bf5 18. Ra2 h5 19. Nd1 Nd5 20. Ba3 Bxa3
21. Rxa3 Ne7 22. f3 exf3 23. d3 fxg2 24. Kxg2 Rhf8 25. Ne3 g6 26. Kf2 Bh3 27.
Re1 Kg7+ 28. Ke2 Rde8 29. Kd2 Nd5 30. Nxd5 Rf2+ 31. Kc3 Rxe1 32. Nb4 Rxh2 33.
Kc4 g5 34. Kb5 Ree2 35. c4 g4 36. d4 g3 0-1

[Event "VIII Open"]
[Site "Padova ITA"]
[Date "2005.12.10"]
[Round "1"]
[White "Vezzani, Stefano"]
[Black "Chiesa, Roberto"]
[Result "1/2-1/2"]
[WhiteElo "2198"]
[BlackElo "1634"]
[PlyCount "49"]
[EventDate "2005.12.10"]

1. Nf3 Nf6 2. g3 d5 3. Bg2 c6 4. O-O Bf5 5. d3 e6 6. Nbd2 Be7 7. Qe1 h6 8. e4
dxe4 9. dxe4 Bh7 10. Qe2 Nbd7 11. b3 O-O 12. Bb2 Qc7 13. Rad1 Rfd8 14. e5 Nd5
15. Ne4 Nf8 16. c4 Nb6 17. h4 Rxd1 18. Rxd1 Rd8 19. Rxd8 Qxd8 20. Ne1 Nbd7 21.
Nd3 Bxe4 22. Bxe4 Nc5 23. Nxc5 Bxc5 24. Bc2 Qb6 25. Bc3 1/2-1/2

[Event "VIII Open"]
[Site "Padova ITA"]
[Date "2005.12.11"]
[Round "2"]
[White "Belloni, Umberto"]
[Black "Palumbo, Giuseppe"]
[Result "1-0"]
[WhiteElo "1910"]
[BlackElo "1631"]
[PlyCount "91"]
[EventDate "2005.12.10"]

1. d4 Nf6 2. c3 g6 3. Bg5 Bg7 4. Nd2 d5 5. e3 Bf5 6. Ne2 h6 7. Bxf6 Bxf6 8. Ng3
Bd7 9. Qb3 Bc6 10. Bd3 Nd7 11. f4 b6 12. Nf3 e6 13. Qc2 Qe7 14. Ne2 Bb7 15. Qd2
a5 16. Rc1 Ba6 17. Bxa6 Rxa6 18. Qd3 Ra8 19. O-O O-O 20. Rc2 c5 21. Rfc1 c4 22.
Qd2 a4 23. a3 g5 24. Ng3 gxf4 25. exf4 Bh4 26. Nh5 f5 27. Qe2 Bf6 28. Re1 Rae8
29. Qf2 Qf7 30. Ng3 Re7 31. Rce2 Rfe8 32. Nf1 Qg6 33. Re3 Kf7 34. Ne5+ Bxe5 35.
fxe5 Rg8 36. Rg3 Qh7 37. Rh3 Ke8 38. Qf4 Reg7 39. Ng3 Rg5 40. Re2 R8g6 41. Qf3
Kd8 42. Nh5 Qf7 43. Nf4 Rg7 44. Rxh6 Nf8 45. Rf6 Qe8 46. Rxf8 1-0

[Event "VIII Open"]
[Site "Padova ITA"]
[Date "2005.12.11"]
[Round "2"]
[White "Bondielli, Giorgio"]
[Black "Rosina, Graziano"]
[Result "1/2-1/2"]
[WhiteElo "2005"]
[BlackElo "1509"]
[PlyCount "69"]
[EventDate "2005.12.10"]

1. e4 e5 2. Nf3 Nf6 3. d4 Nxe4 4. Bd3 d5 5. Nxe5 Bd6 6. O-O O-O 7. Nd2 Bxe5 8.
dxe5 Nxd2 9. Bxd2 c5 10. Qh5 g6 11. Qh6 f5 12. Bg5 Qc7 13. Bf6 Qf7 14. c4 d4
15. f4 Be6 16. g4 Nd7 17. g5 Nxf6 18. exf6 Rfe8 19. Rfe1 Bd7 20. Re5 Rxe5 21.
fxe5 Be6 22. Be2 Rd8 23. Rd1 Qc7 24. Bd3 Rd7 25. Re1 Rf7 26. h4 Rf8 27. Rf1 Qf7
28. Rf2 Rd8 29. h5 Qf8 30. Qxf8+ Rxf8 31. hxg6 hxg6 32. Rh2 Re8 33. Re2 Kf7 34.
Rh2 Kg8 35. Re2 1/2-1/2

[Event "VIII Open"]
[Site "Padova ITA"]
[Date "2005.12.11"]
[Round "2"]
[White "Canazza, Alessandro"]
[Black "Milanesi, Erminio"]
[Result "1-0"]
[WhiteElo "1727"]
[BlackElo "1616"]
[PlyCount "91"]
[EventDate "2005.12.10"]

1. c4 g6 2. Nc3 Nh6 3. d4 f6 4. e4 Nf7 5. Be3 Bg7 6. Nf3 d6 7. g3 c6 8. Bg2 O-O
9. Qd2 Na6 10. O-O Nc7 11. Ne1 e5 12. Nc2 Ne6 13. d5 Nc7 14. Nb4 c5 15. Nd3 f5
16. f4 fxe4 17. Nxe4 Bf5 18. Rae1 b6 19. b3 Qd7 20. fxe5 Bxe4 21. e6 Nxe6 22.
dxe6 Qxe6 23. Bf2 Bh6 24. Nf4 Bxf4 25. Qxf4 Ne5 26. Qxe4 Rae8 27. Qd5 Qxd5 28.
Bxd5+ Kg7 29. Re3 Rf6 30. Be1 Rxf1+ 31. Kxf1 Kf6 32. Bc3 Kg5 33. Kg2 h5 34. Re4
Re7 35. h3 Kf6 36. Rf4+ Kg7 37. Kf1 a5 38. Re4 Kf6 39. Ke2 g5 40. h4 Rg7 41.
hxg5+ Rxg5 42. Rf4+ Rf5 43. Ke3 Kg5 44. Rxf5+ Kxf5 45. Bxe5 dxe5 46. Bf3 1-0

[Event "VIII Open"]
[Site "Padova ITA"]
[Date "2005.12.11"]
[Round "2"]
[White "Cardili, Mariano"]
[Black "Vezzani, Stefano"]
[Result "1/2-1/2"]
[WhiteElo "2066"]
[BlackElo "2198"]
[PlyCount "79"]
[EventDate "2005.12.10"]

1. d4 f5 2. c4 e6 3. g3 Nf6 4. Bg2 d5 5. Nf3 c6 6. O-O Bd6 7. Bf4 Bxf4 8. gxf4
O-O 9. e3 b6 10. Ne5 Bb7 11. Nd2 Na6 12. Rc1 c5 13. dxc5 Nxc5 14. b4 Ncd7 15.
Nxd7 Qxd7 16. Nb3 Rac8 17. c5 Ba6 18. Re1 Bc4 19. Qd2 Qe7 20. cxb6 axb6 21. Nd4
Ne4 22. Bxe4 fxe4 23. b5 Ra8 24. Rc2 Ra3 25. Kh1 Rfa8 26. Ra1 Qe8 27. Qb4 e5
28. fxe5 Qxe5 29. Qd2 h6 30. Qc1 h5 31. Nc6 Qf6 32. Nd4 h4 33. h3 Kh7 34. Kh2
Rxa2 35. Raxa2 Rxa2 36. Rxa2 Bxa2 37. Kg2 Bc4 38. Qe1 g5 39. Qa1 Kg6 40. Qa8
1/2-1/2

[Event "VIII Open"]
[Site "Padova ITA"]
[Date "2005.12.11"]
[Round "2"]
[White "Cedriano, Filippo"]
[Black "Isonzo, David"]
[Result "0-1"]
[WhiteElo "2039"]
[BlackElo "2337"]
[PlyCount "62"]
[EventDate "2005.12.10"]

1. g3 g6 2. Bg2 Nf6 3. Nf3 Bg7 4. O-O O-O 5. d3 d5 6. Nbd2 c5 7. e4 Nc6 8. c3
e5 9. a4 h6 10. exd5 Nxd5 11. Nc4 Re8 12. Re1 Rb8 13. Ne3 Nc7 14. Nf1 Bf5 15.
Be3 Ne6 16. Qd2 g5 17. Red1 Ncd4 18. cxd4 exd4 19. Bxg5 hxg5 20. Re1 Qd6 21.
Rad1 Bf6 22. h3 b5 23. g4 Bg6 24. Rxe6 Qxe6 25. Nxg5 Bxg5 26. Qxg5 Qe7 27. Qh6
Rb6 28. a5 Re6 29. Qf4 Rf6 30. Qg3 Qe5 31. Qxe5 Rxe5 0-1

[Event "VIII Open"]
[Site "Padova ITA"]
[Date "2005.12.11"]
[Round "2"]
[White "Chiesa, Roberto"]
[Black "Cipolotti, Piersilvio"]
[Result "1/2-1/2"]
[WhiteElo "1634"]
[BlackElo "1703"]
[PlyCount "46"]
[EventDate "2005.12.10"]

1. d4 Nc6 2. c4 e5 3. d5 Nce7 4. e4 Ng6 5. Nf3 Bc5 6. Bd3 Nf6 7. Nc3 d6 8. a3
Bg4 9. h3 Bd7 10. b4 Bb6 11. Qe2 O-O 12. O-O Qc8 13. Kh2 Nh5 14. Ng1 Nhf4 15.
Bxf4 Nxf4 16. Qf3 f5 17. exf5 Bxf5 18. Bxf5 Rxf5 19. Qg3 Qd7 20. Ne4 Bd4 21.
Rae1 Raf8 22. Ne2 Nxe2 23. Rxe2 h6 1/2-1/2

[Event "VIII Open"]
[Site "Padova ITA"]
[Date "2005.12.11"]
[Round "2"]
[White "D'Innocente, Stefano"]
[Black "Di Lazzaro, Gabriele"]
[Result "1-0"]
[WhiteElo "2262"]
[BlackElo "2025"]
[PlyCount "77"]
[EventDate "2005.12.10"]

1. e4 g6 2. d4 Bg7 3. Nf3 c6 4. c4 d5 5. e5 Bg4 6. Nbd2 Nh6 7. h3 Bc8 8. Be2
O-O 9. O-O f6 10. exf6 exf6 11. b3 Be6 12. Re1 Nd7 13. Bb2 Qe7 14. a4 Qf7 15.
c5 Rfe8 16. b4 Re7 17. Bf1 Rae8 18. b5 Bf5 19. Rxe7 Qxe7 20. Qb3 Qf7 21. Bc3 g5
22. a5 g4 23. hxg4 Nxg4 24. a6 Nf8 25. axb7 Qxb7 26. bxc6 Qc7 27. Qxd5+ Be6 28.
Qd6 Qf7 29. Qg3 Kh8 30. Ne4 Qg6 31. Nd6 Ra8 32. Nh4 Qc2 33. c7 f5 34. Ba6 f4
35. Qf3 Bd5 36. Qxg4 Qxc3 37. Rd1 Bxd4 38. Qxf4 Qxc5 39. Qxd4+ 1-0